<?xml version="1.0" encoding="UTF-8"?>
<record
    xmlns:xsi="http://www.w3.org/2001/XMLSchema-instance"
    xsi:schemaLocation="http://www.loc.gov/MARC21/slim http://www.loc.gov/standards/marcxml/schema/MARC21slim.xsd"
    xmlns="http://www.loc.gov/MARC21/slim">

  <leader>00274    a2200109   4500</leader>
  <controlfield tag="005">20250929140143.0</controlfield>
  <datafield tag="020" ind1=" " ind2=" ">
    <subfield code="a">9780670098828</subfield>
  </datafield>
  <datafield tag="100" ind1=" " ind2=" ">
    <subfield code="a">Dhillon  K.J.S.</subfield>
    <subfield code="9">213467</subfield>
  </datafield>
  <datafield tag="245" ind1=" " ind2=" ">
    <subfield code="a">Wafadari Imaandari Zimmedari: War-Room To Board-Room</subfield>
  </datafield>
  <datafield tag="260" ind1=" " ind2=" ">
    <subfield code="b">Penguin</subfield>
    <subfield code="c">2025</subfield>
  </datafield>
  <datafield tag="942" ind1=" " ind2=" ">
    <subfield code="c">AR</subfield>
  </datafield>
  <datafield tag="999" ind1=" " ind2=" ">
    <subfield code="c">367888</subfield>
    <subfield code="d">367888</subfield>
  </datafield>
  <datafield tag="952" ind1=" " ind2=" ">
    <subfield code="0">0</subfield>
    <subfield code="1">0</subfield>
    <subfield code="2">ddc</subfield>
    <subfield code="4">0</subfield>
    <subfield code="7">0</subfield>
    <subfield code="a">CCEP</subfield>
    <subfield code="b">CCEP</subfield>
    <subfield code="d">2025-09-29</subfield>
    <subfield code="e">63</subfield>
    <subfield code="g">479.20</subfield>
    <subfield code="l">2</subfield>
    <subfield code="o">813.6 DHI</subfield>
    <subfield code="p">CCEP-BK-69561</subfield>
    <subfield code="r">2025-12-24 16:06:50</subfield>
    <subfield code="s">2025-12-12</subfield>
    <subfield code="v">599.00</subfield>
    <subfield code="w">2025-09-29</subfield>
    <subfield code="y">BK</subfield>
  </datafield>
</record>
